Two TV Roles Quiz Stats

 Plays Quiz not verified by Sporcle

Challenge
Share
Tweet
Score 0/27 Timer 06:00
0 Plays Today
% Correct
Mayim Bialik
91.6%
Ted Danson
87.4%
Bea Arthur
85.3%
Ron Howard
85.3%
Andy Griffith
84.2%
Betty White
78.9%
Shannen Doherty
78.9%
Michael J. Fox
77.9%
Mary Tyler Moore
74.7%
Larry Hagman
74.7%
Teri Hatcher
72.9%
David Duchovny
69.9%
William Shatner
67.7%
Bob Newhart
67.4%
% Correct
Jane Curtin
66.3%
Heather Locklear
64.2%
Buddy Ebsen
63.2%
Keri Russell
62.4%
Carroll O'Connor
62.1%
John Ritter
61.1%
Matthew Fox
58.8%
Dick Van Dyke
57.9%
Michael C. Hall
54.7%
Lee Majors
49.5%
William Conrad
48.4%
Michael Landon
47.4%
Gavin MacLeod
42.9%

You're not logged in!

Compare scores with friends on all Sporcle quizzes.
OR
Log In

You Might Also Like...

Show Comments

Extras

Top Quizzes Today


Score Distribution

Your Account Isn't Verified!

In order to create a playlist on Sporcle, you need to verify the email address you used during registration. Go to your Sporcle Settings to finish the process.

Report this User

Report this user for behavior that violates our Community Guidelines.

Details: